000 01023cam a2200301 4500
999 _c45583
_d45583
001 313872
005 20190226160242.0
008 700821s1969 ru b 000 0 eng
010 _a 73485498
015 _aUSSR***
040 _aDLC
_cDLC
_dDLC
041 1 _aengrus
043 _aa-iq---
100 _aScholars, Soviet.
240 0 0 _aIstorii︠a︡ Mesopotamii. English
245 0 0 _aAncient Mesopotamia, socio-economic history:
_ba collection of studies by Soviet scholars.
_cby Soviet Scholar.
260 _aMoscow,
_bNauka Pub. House, Central Dept. of Oriental Literature,
_cc1969.
300 _a334 p.
_c22 cm.
336 _atext
337 _aunmediated
338 _avolume
500 _aAt head of title: USSR Academy of Sciences. Institute of the Peoples of Asia.
500 _aTranslation of Istorii︠a︡ Mesopotamii.
504 _aIncludes bibliographical references.
651 0 _aIraq
_xEconomic conditions.
700 1 _aDʹi︠a︡konov, Igorʹ Mikhaĭlovich,
_eed.
942 _2lcc
_cBK